000 00521cam a22002051i 4500
001 he 68000879
003 DLC
005 20260227111456.0
008 860621s1967 is 000 0 yid
010 _ahe 68000879
035 _a(OCoLC)19304716
040 _aDLC
_cMH
_dCU
_dDLC
042 _apremarc
050 0 0 _aPJ5129.B54
_bM5
100 1 _aBickel, Shlomo,
_d1896-1969.
245 1 0 _aMishpoḥe Orṭshiḳ.
260 _aTel Aviv :
_bMenorah,
_c1967.
300 _a198 p. ;
_c22 cm.
752 _aIsrael
_dTel Aviv
999 _c33134
_d33134